<?xml version="1.0" encoding="UTF-8"?>
<record
    xmlns:xsi="http://www.w3.org/2001/XMLSchema-instance"
    xsi:schemaLocation="http://www.loc.gov/MARC21/slim http://www.loc.gov/standards/marcxml/schema/MARC21slim.xsd"
    xmlns="http://www.loc.gov/MARC21/slim">

  <leader>03658nam a2200277   4500</leader>
  <controlfield tag="001">ESSALUD</controlfield>
  <controlfield tag="005">20260701104009.0</controlfield>
  <controlfield tag="007">ta</controlfield>
  <controlfield tag="008">      t        pe ||||| |||| 00| 0 spa d</controlfield>
  <datafield tag="040" ind1=" " ind2=" ">
    <subfield code="a">BMG</subfield>
  </datafield>
  <datafield tag="041" ind1=" " ind2=" ">
    <subfield code="a">spa</subfield>
  </datafield>
  <datafield tag="100" ind1=" " ind2=" ">
    <subfield code="a">Ninamancco C&#xF3;rdova, Fort </subfield>
    <subfield code="e">Autor</subfield>
    <subfield code="9">47317</subfield>
  </datafield>
  <datafield tag="245" ind1=" " ind2=" ">
    <subfield code="a">El est&#xE1;ndar de prueba en la prescripci&#xF3;n adquisitiva </subfield>
    <subfield code="b">Una cuesti&#xF3;n pendiente tras las intervenciones en la audiencia del XI Pleno Casatorio Civil</subfield>
  </datafield>
  <datafield tag="246" ind1=" " ind2=" ">
    <subfield code="a">The standard of proof in acquisitive prescription</subfield>
    <subfield code="b">A pending issue following the XI Civil Plenary Cassation Hearing</subfield>
  </datafield>
  <datafield tag="300" ind1=" " ind2=" ">
    <subfield code="a">p&#xE1;ginas 76-81</subfield>
  </datafield>
  <datafield tag="520" ind1=" " ind2=" ">
    <subfield code="a">Uno de los ejes que motiv&#xF3; la convocatoria del XI Pleno Casatorio Civil
fue la reflexi&#xF3;n sobre el est&#xE1;ndar de prueba aplicable a los procesos de prescripci&#xF3;n
adquisitiva de dominio, una cuesti&#xF3;n de gran impacto pr&#xE1;ctico para la judicatura y
la litigaci&#xF3;n civil. No obstante, diversos observadores han se&#xF1;alado que, durante la
audiencia p&#xFA;blica, el tratamiento de este punto -a cargo de abogados de las partes y de
los amicus curiae- no alcanz&#xF3; a desarrollar con suficiente precisi&#xF3;n t&#xE9;cnica la categor&#xED;a
del est&#xE1;ndar de prueba, pese a su centralidad en la convocatoria. Es importante precisar
que estas observaciones no se dirigen al rol jurisdiccional de los jueces supremos,
quienes, conforme a la l&#xF3;gica propia de los plenos casatorios, cumplen una funci&#xF3;n
de escucha, formulaci&#xF3;n de preguntas y posterior deliberaci&#xF3;n, sino exclusivamente
al contenido t&#xE9;cnico de las intervenciones producidas en la audiencia, en particular
en lo referido al est&#xE1;ndar de prueba. Con ese marco, Praxis Civil &amp; Procesal Civil, en su
primer n&#xFA;mero, ha querido dialogar con el profesor y abogado Fort Ninamancco, a fin
de esclarecer c&#xF3;mo debe entenderse el est&#xE1;ndar de prueba en el proceso civil peruano
y su aplicaci&#xF3;n concreta a la prescripci&#xF3;n adquisitiva.</subfield>
  </datafield>
  <datafield tag="520" ind1=" " ind2=" ">
    <subfield code="a">One of the core pillars behind the convening af the XI Civil Plenary Cassation (XI Plena
Casatorio Civil) was the reflection on the standard af proof applicob/e to acquisitive prescription
proceedings-a matter of significont practico/ impact far the judiciary and civil litigation
Nevertheless, severa/ abservers hove nated that during the public hearing, the treatment of this
point by party counsel and amici curiae failed to develop the category of "standard of proof" with
sufficient technica/ precision, despite its central rafe in the summans. lt is impartant to cfarify that
these abservations are not directed at the jurisdictional role of the Supreme Court justices who,
consistent with the inherent /ogic af plenary cassatian hearings, perfarm a function of listening,
questioning, and subsequent deliberation. Rather, these remarks refer exclusive/y to the technical
content of the oral arguments presented during the hearing, specifically regarding the standard of
proof Within this framework, Praxis Civil &amp; Procesal Civil, in its inaugural issue, sought ta engage in
dialogue with Professor and Attorney Fort Ninamancca to clarify how the standard of proof should
be understood within Peruvian civil pracedure and its specific app/ication to acquisitive prescription.</subfield>
  </datafield>
  <datafield tag="650" ind1=" " ind2=" ">
    <subfield code="a">EST&#xC1;NDAR DE PRUEBA</subfield>
    <subfield code="9">52939</subfield>
  </datafield>
  <datafield tag="650" ind1=" " ind2=" ">
    <subfield code="a">PRESCRIPCI&#xD3;N ADQUISITIVA DE DOMINIO</subfield>
    <subfield code="9">52940</subfield>
  </datafield>
  <datafield tag="650" ind1=" " ind2=" ">
    <subfield code="a">PLENO CASATORIO</subfield>
    <subfield code="9">52941</subfield>
  </datafield>
  <datafield tag="650" ind1=" " ind2=" ">
    <subfield code="a">STANDARD AF PROOF</subfield>
    <subfield code="9">52942</subfield>
  </datafield>
  <datafield tag="650" ind1=" " ind2=" ">
    <subfield code="a">ACQUISITIVE PRESCRIPTION</subfield>
    <subfield code="9">52943</subfield>
  </datafield>
  <datafield tag="650" ind1=" " ind2=" ">
    <subfield code="a">PLENARY CASSATIAN</subfield>
    <subfield code="9">52944</subfield>
  </datafield>
  <datafield tag="773" ind1="0" ind2=" ">
    <subfield code="0">22573</subfield>
    <subfield code="9">22620</subfield>
    <subfield code="d">Lima Grupo Praxis Formaci&#xF3;n Profesional, 2026-</subfield>
    <subfield code="o">PRA001</subfield>
    <subfield code="t">Praxis Civil &amp; Procesal Civil</subfield>
    <subfield code="w">ESSALUD</subfield>
    <subfield code="x">3119-7671</subfield>
  </datafield>
  <datafield tag="942" ind1=" " ind2=" ">
    <subfield code="c">ARTICULOS</subfield>
    <subfield code="e">2026-06-30</subfield>
    <subfield code="z">sqb</subfield>
  </datafield>
  <datafield tag="999" ind1=" " ind2=" ">
    <subfield code="c">22577</subfield>
    <subfield code="d">22577</subfield>
  </datafield>
</record>
